Góry Stołowe

Titel: Góry Stołowe : Adršpašsko-teplické skály, Broumovské stĕny : mapa turystyczna / redakcja: Piotr Pietroń ; tekst: Agata Hanula
Beteiligt: ;
Ausgabe: Wydanie IV
Maßstab: 1:10 000-1:35 000
Veröffentlicht: Kraków : Wydawnictwo Kartograficzne "Compass", 2021
Umfang: 7 Karten auf 1 Blatt : beidseitig, farbig ; Blatt 68 x 98 cm, gefaltet 24 x 13 cm
Format: Karte
Sprache: Polnisch; Tschechisch; Englisch
Schlagworte:
ISBN: 9788381842600 ; 8381842603
Buchumschlag
X
alg: 50250038
001A    $03004:12-12-22 
001B    $01999:12-12-22 $t22:34:10.000 
001D    $03004:12-12-22 
001U    $0utf8 
001X    $00 
002@    $0Kau 
002C    $akartografisches Bild $bcri $2rdacontent 
002D    $aohne Hilfsmittel zu benutzen $bn $2rdamedia 
002E    $aBlatt $bnb $2rdacarrier 
003@    $0502500387 
003O    $01354302235 $aOCoLC 
004A    $A978-83-8184-260-0 
004A    $083-8184-260-3 
006C    $01273964692 $aOCoLC 
007A    $0502500387 $aHEB 
010@    $apol $acze $aeng 
011@    $a2021 $n2021 
013D    $RGrafische Darstellung $#Cartes $#Maps $#Plans $#Amtliche Karte Formschlagwort $#Landkarte $#Wandkarte Formschlagwort $#Wanderkarte Formschlagwort $#Straßenkarte Formschlagwort $#Weltkarte Formschlagwort $#Karten $#Landkarten $#Kartenmaterial $#Geografische Karte $74029783-4 $8Karte [Tsz] $9085078743 
013D    $RKarte $#Ortsplan $#Stadtatlas $#Stadtpläne $74129845-7 $8Stadtplan [Ts1] $9085456683 
021A    $aGóry Stołowe $dAdršpašsko-teplické skály, Broumovské stĕny : mapa turystyczna $hredakcja: Piotr Pietroń ; tekst: Agata Hanula 
028C    $BVerfasser von ergänzendem Text $4wst $8Hanula, Agata [Tnu] $9501797157 
028C    $BMitwirkender $4ctb $8Pietroń, Piotr [Tnu] $950166999X 
032@    $aWydanie IV 
033A    $pKraków $nWydawnictwo Kartograficzne "Compass" 
034D    $a7 Karten auf 1 Blatt 
034I    $aBlatt 68 x 98 cm, gefaltet 24 x 13 cm 
034M    $abeidseitig, farbig 
035E    $a1:10 000-1:35 000 
037A    $aMit touristischen Informationen und Illustrationen 
037A    $aNebenkarten: Szczeliniec Wielki, circa 1:6 000, 8 x 12 cm; Błędne Skały, circa 1:4 300, 10 x 12 cm 
037A    $aNr kat.: 1724-2021 
039C    $aEnthält $t[Karte] Góry Stołowe, 1:35 000, 67 x 97 cm 
039C    $aEnthält $t[Karte] Duszniki-Zdrój, 1:10 000, 20 x 12 cm 
039C    $aEnthält $t[Karte] Kudowa-Zdrój, 1:10 000, 19 x 12 cm 
039C    $aEnthält $t[Karte] Broumov, 1:10 000, 17 x 12 cm 
039C    $aEnthält $t[Karte] Polanica-Zdrój, 1:10 000, 19 x 12 cm 
039C    $aEnthält $t[Karte] Police nad Metují, 1:10 000, 12 x 12 cm 
039C    $aEnthält $t[Karte] Náchod, 1:10 000, 14 x 12 cm 
044K    $RSudeten $#Heuschergebirge $#Góry Stołowe $#Hejšovina $#Stolové hory $74072481-5 $8Heuscheuer [Tg1] $908520403X 
044K    $RReinerz $#Duszniki-Zdrój $#Duezniki-Zdroj $#Reinerz Duszniki Zdrój $#Bad Reinerz Duszniki Zdrój $74103654-2 $8Duszniki Zdrój [Tg1] $9085303801 
044K    $RBad Kudowa $#Bad Kudowa $71096779-5 $8Kudowa Zdrój [Tg1] $9042323339 
044K    $RBraunau $RBraunau $#Braunau Böhmen $#MěstNV $7504040-1 $8Broumov [Tg1] $9041448898 
044K    $RBad Altheide $RPowiat Kłodzki $RWoiwodschaft Niederschlesien $#Bad Altheide $#Starý Bor $72066401-1 $8Polanica-Zdrój [Tg1] $9043124577 
044K    $8Police nad Metují [Tg1] $9477944957 
044K    $74405937-1 $8Náchod [Tg1] $9088561895 
044K    $RReise $RTourismusforschung $RReiseverkehr $#Tourism $#Tourisme $#tourism $#Tourismus $#Tourismus $#Touristik Fremdenverkehr $#Fremdenverkehr $74018406-7 $8Tourismus [Ts1] $9085043508 
044K    $RWandern $RBergsteigen $#Hiking $#Randonnée pédestre $#Gebirgswandern $74120998-9 $8Bergwandern [Ts1] $908538917X 
045F    $a910.9438090513 $eDDC23BSB 
045F/01 $a910 
045F/03 $f090513 
045F/03 $g438 
046L    $aKarteninhalt Polnisch und Tschechisch, Legende Polnisch, Englisch und Tschechisch 

lok: 50250038 24

exp: 50250038 24 1 #EPN
201B/01 $012-12-22 $t10:26:26.000 
201C/01 $012-12-22 
201U/01 $0utf8 
203@/01 $01221654438 
208@/01 $a12-12-22 $bz 
209A/01 $aK 31 II B 15 $dd $f050 $hK 31 2 B 15 $x00 
209C/01 $aK 2022.00514 K $h22 00514 K 
220C/01 $awei 
247C/01 $8358050-7 Marburg, Bibliothek des Herder-Instituts Marburg $9102600961
LEADER 00000cem a2200000 c 4500
001 502500387
003 DE-603
005 20221212223410.0
007 a|||||||
008 221212s2021 xx |||||| a || | ||pol c
020 |a 9788381842600 
020 |a 8381842603 
035 |a (DE-599)HEB502500387 
035 |a (OCoLC)1354302235 
040 |a DE-603  |b ger  |c DE-603  |d DE-603 
041 |a pol  |a cze  |a eng 
082 0 4 |8 1\u  |a 910.9438090513  |q DE-101  |2 23/BSB 
085 |8 1\u  |b 910 
085 |8 1\u  |z 1  |s 090513 
085 |8 1\u  |z 2  |s 438 
245 0 0 |a Góry Stołowe  |b Adršpašsko-teplické skály, Broumovské stĕny : mapa turystyczna  |c redakcja: Piotr Pietroń ; tekst: Agata Hanula 
250 |a Wydanie IV 
255 |a 1:10 000-1:35 000 
264 1 |a Kraków  |b Wydawnictwo Kartograficzne "Compass"  |c 2021 
300 |a 7 Karten auf 1 Blatt  |b beidseitig, farbig  |c Blatt 68 x 98 cm, gefaltet 24 x 13 cm 
336 |a kartografisches Bild  |b cri  |2 rdacontent 
337 |a ohne Hilfsmittel zu benutzen  |b n  |2 rdamedia 
338 |a Blatt  |b nb  |2 rdacarrier 
500 |a Mit touristischen Informationen und Illustrationen 
500 |a Nebenkarten: Szczeliniec Wielki, circa 1:6 000, 8 x 12 cm; Błędne Skały, circa 1:4 300, 10 x 12 cm 
500 |a Nr kat.: 1724-2021 
546 |a Karteninhalt Polnisch und Tschechisch, Legende Polnisch, Englisch und Tschechisch 
650 7 |a Tourismus  |0 (DE-588)4018406-7  |0 (DE-603)085043508  |2 gnd 
650 7 |a Bergwandern  |0 (DE-588)4120998-9  |0 (DE-603)08538917X  |2 gnd 
651 7 |a Heuscheuer  |0 (DE-588)4072481-5  |0 (DE-603)08520403X  |2 gnd 
651 7 |a Duszniki Zdrój  |0 (DE-588)4103654-2  |0 (DE-603)085303801  |2 gnd 
651 7 |a Kudowa Zdrój  |0 (DE-588)1096779-5  |0 (DE-603)042323339  |2 gnd 
651 7 |a Broumov  |0 (DE-588)504040-1  |0 (DE-603)041448898  |2 gnd 
651 7 |a Polanica-Zdrój  |0 (DE-588)2066401-1  |0 (DE-603)043124577  |2 gnd 
651 7 |a Police nad Metují  |0 (DE-588)1231305339  |0 (DE-603)477944957  |2 gnd 
651 7 |a Náchod  |0 (DE-588)4405937-1  |0 (DE-603)088561895  |2 gnd 
655 7 |a Karte  |2 gnd-content  |0 (DE-588)4029783-4  |0 (DE-603)085078743 
655 7 |a Stadtplan  |2 gnd-content  |0 (DE-588)4129845-7  |0 (DE-603)085456683 
700 1 |a Hanula, Agata  |e Verfasser von ergänzendem Text  |4 wst  |0 (DE-603)501797157 
700 1 |a Pietroń, Piotr  |e Mitwirkender  |4 ctb  |0 (DE-603)50166999X 
770 0 8 |i Enthält  |t [Karte] Góry Stołowe, 1:35 000, 67 x 97 cm 
770 0 8 |i Enthält  |t [Karte] Duszniki-Zdrój, 1:10 000, 20 x 12 cm 
770 0 8 |i Enthält  |t [Karte] Kudowa-Zdrój, 1:10 000, 19 x 12 cm 
770 0 8 |i Enthält  |t [Karte] Broumov, 1:10 000, 17 x 12 cm 
770 0 8 |i Enthält  |t [Karte] Polanica-Zdrój, 1:10 000, 19 x 12 cm 
770 0 8 |i Enthält  |t [Karte] Police nad Metují, 1:10 000, 12 x 12 cm 
770 0 8 |i Enthält  |t [Karte] Náchod, 1:10 000, 14 x 12 cm 
924 0 |9 Mb 50  |a (DE-603)1221654438  |b DE-Mb50  |c HES  |d d  |g K 31 II B 15